Las horas muertas : (Record no. 190786)

MARC details
000 -LEADER
campo de control de longitud fija 01046nam a2200253 i 4500
001 - NÚMERO DE CONTROL
campo de control 190786
003 - IDENTIFICADOR DE NÚMERO DE CONTROL
campo de control ES-MaACL
005 - FECHA Y HORA DE LA ÚLTIMA TRANSACCIÓN
campo de control 20240203121506.0
008 - DATOS DE LONGITUD FIJA--INFORMACIÓN GENERAL
campo de control de longitud fija 220707s2016 sp a 001 0aspa
020 ## - NÚMERO INTERNACIONAL ESTÁNDAR DEL LIBRO
Número Internacional Estándar del Libro 978-84-16938-10-0
080 ## - NÚMERO DE LA CLASIFICACIÓN DECIMAL UNIVERSAL
Número de la Clasificación Decimal Universal 929 Manaut Viglietti, José
100 1# - ENTRADA PRINCIPAL--NOMBRE DE PERSONA
Nombre de persona Manaut Viglietti, José (
Fechas asociadas al nombre 1898-1971)
9 (RLIN) 75913
245 14 - MENCIÓN DEL TÍTULO
Título Las horas muertas :
Resto del título diarios de José Manaut Viglietti : Madrid, 1939-1944 /
Mención de responsabilidad, etc. Federico Castro Morales, Eduardo González Calleja, eds.
246 3# - FORMA VARIANTE DEL TITULO
Título propio/Titulo breve Diarios de José Manaut Viglietti :
Resto del título Madrid, 1939-1944
260 ## - PUBLICACIÓN, DISTRIBUCIÓN, ETC.
Lugar de publicación, distribución, etc. Madrid :
Nombre del editor, distribuidor, etc. Biblioteca Nueva,
Fecha de publicación, distribución, etc. [2016]
300 ## - DESCRIPCIÓN FÍSICA
Extensión 493 p. :
Otras características físicas il. col. y n. ;
Dimensiones 25 cm.
596 ## - NOTA AL PIE DE IMPRENTA
NOTA AL PIE DE IMPRENTA En verso de port.: Asociación de Amigos del Pintor Manaut
600 14 - PUNTO DE ACCESO ADICIONAL DE MATERIA--NOMBRE DE PERSONA
Nombre de persona Manaut Viglietti, José (
Fechas asociadas al nombre 1898-1971)
9 (RLIN) 75913
700 1# - ENTRADA AGREGADA--NOMBRE PERSONAL
Nombre de persona Castro Morales, Federico.
9 (RLIN) 147388
700 1# - ENTRADA AGREGADA--NOMBRE PERSONAL
Nombre de persona González Calleja, Eduardo.
9 (RLIN) 58482
852 4# - LOCALIZACIÓN
Ubicación ES-MaACL
Número de control de estantería A-15008
itemnumber 197969
Sublocalización o colección R.153343
Ubicación en estantería Depósito 1
Signatura antigua Olim: N-8008
Donativo/Legado Donación: Editorial
Encuadernación Enc. cart.
942 ## - ELEMENTOS DE ENTRADA SECUNDARIOS (KOHA)
Fuente del sistema de clasificación o colocación Clasificación decimal universal
Holdings
Estatus retirado Estado de pérdida Fuente del sistema de clasificación o colocación Estado de daño No para préstamo Biblioteca de origen Biblioteca actual Ubicación en estantería Fecha de adquisición Fuente de adquisición Total de préstamos Signatura topográfica completa Código de barras Visto por última vez Precio de reemplazo Tipo de ítem Koha
    Clasificación decimal universal     Biblioteca del Ateneo de Madrid Biblioteca del Ateneo de Madrid Depósito 1 07/07/2022 Donación   A-15008 1203056 23/02/2023 23/02/2023 Libro impreso